000 00730nam a22002177a 4500
003 UA-OsUOA
001 119163
007 ta
008 20161010b un ||||| |||| 00| 0 ukr d
100 _aСмешко І.
090 _a94(477)
_bС50
942 _cSA
040 _aUA-OsUOA
_bukr
_cUA-OsUOA
_dUA-OsUOA
245 _aНесподівана Київська Русь. Святослав Хоробрий, Болгарія, Карл Маркс та самоідентифікація України. Закінчення. Початок у №№171-172
300 _aС.20
955 _a0
041 _aukr
080 _a94(477)
773 0 _w119162
650 7 _a9 Географія. Біографії. Історія
_2UDC
999 _c405085
_d405085